ASME 2012 5th Annual Dynamic Systems and Control Conference joint with the JSME 2012 11th Motion and Vibration Conference - Volume 1: Adaptive Control; Advanced Vehicle Propulsion Systems; Aerospace Systems; Autonomous Systems; Battery Modeling; Biochemical Systems; Control Over Networks; Control Systems Design; Cooperative and Decentralized Control; Dynamic System Modeling; Dynamical Modeling and Diagnostics in Biomedical Systems; Dynamics and Control in Medicine and Biology; Estimation and Fault Detection; Estimation and Fault Detection for Vehicle Applications; Fluid Power Systems; Human Assistive Systems and Wearable Robots; Human-in-the-Loop Systems; Intelligent Transportation Systems; Learning Control

Dettagli Bibliografici
Natura: Elettronico Periodico
Lingua:English
Pubblicazione: ASME
Accesso online:Full text available on ASME[2012-2012]
Off-campus access
LEADER 01627cas a2200181 a 4500
001 AALConferenceProceedingsASME000438
008 230101c9999 xx r poo 0 0eng d
020 |a 978-0-7918-4529-5 
040 |a BD-DhAAL  |c BD-DhAAL 
245 0 0 |h [electronic resource]  |a ASME 2012 5th Annual Dynamic Systems and Control Conference joint with the JSME 2012 11th Motion and Vibration Conference - Volume 1: Adaptive Control; Advanced Vehicle Propulsion Systems; Aerospace Systems; Autonomous Systems; Battery Modeling; Biochemical Systems; Control Over Networks; Control Systems Design; Cooperative and Decentralized Control; Dynamic System Modeling; Dynamical Modeling and Diagnostics in Biomedical Systems; Dynamics and Control in Medicine and Biology; Estimation and Fault Detection; Estimation and Fault Detection for Vehicle Applications; Fluid Power Systems; Human Assistive Systems and Wearable Robots; Human-in-the-Loop Systems; Intelligent Transportation Systems; Learning Control 
260 |b ASME 
300 |a 1 online resource 
500 |a <strong>Off-Campus Access:</strong> Athens ID and Password Required 
500 |a <strong>On-Campus Access:</strong> No User ID or Password Required 
506 |a Electronic access restricted to authorized BRAC University faculty, staff and students 
538 |a Mode of access: Internet 
856 4 0 |z Full text available on ASME[2012-2012]  |u https://asmedigitalcollection.asme.org/DSCC/DSCC2012-MOVIC2012/volume/45295 
856 4 0 |z Off-campus access  |u https://go.openathens.net/redirector/bracu.ac.bd?url=https%3A%2F%2Fasmedigitalcollection.asme.org%2FDSCC%2FDSCC2012-MOVIC2012%2Fvolume%2F45295